Normal view MARC view

Entry Personal Name

Number of records used in: 1

001 - CONTROL NUMBER

  • control field: 78602

003 - CONTROL NUMBER IDENTIFIER

  • control field: dpl

005 - DATE AND TIME OF LATEST TRANSACTION

  • control field: 20250224173506.0

008 - FIXED-LENGTH DATA ELEMENTS

  • fixed length control field: 250224|| aca||aabn | a|a d

040 ## - CATALOGING SOURCE

  • Original cataloging agency: dpl
  • Transcribing agency: dpl

100 ## - HEADING--PERSONAL NAME

  • Personal name: व्यास,श्रीकान्त

670 ## - SOURCE DATA FOUND

  • Source citation: Work cat.: (dpl)209482: व्यास,श्रीकान्त, महाराष्ट्र की रोचक लोक-कथाएँ /, 2024

© Delhi Public Library
Hit Counter
free hit counter